Vývoj mezinárodní migrace a cizinci v České republice počátkem 21. století: regionální a demografické aspekty

História vývoja zahraničnej migrácie v Českej republike. Zahraničná migrácia cudzincov. Cudzinci podľa druhu pobytu. Demografické charakteristiky a rozmiestnenie cudzincov.

Na minha lista:
Detalhes bibliográficos
Autor principal: Bartoňová, Dagmar
Formato: Capítulo de Livro
Idioma:tcheco
Assuntos:
Tags: Adicionar Tag
Sem tags, seja o primeiro a adicionar uma tag!

MARC

LEADER 00000naa a2200000 4500
001 0146437
005 20220715084125.8
041 0 |a cze 
044 |a SK 
245 1 0 |a Vývoj mezinárodní migrace a cizinci v České republice počátkem 21. století: regionální a demografické aspekty  |c Dagmar Bartoňová 
520 |a História vývoja zahraničnej migrácie v Českej republike. Zahraničná migrácia cudzincov. Cudzinci podľa druhu pobytu. Demografické charakteristiky a rozmiestnenie cudzincov. 
610 2 0 |a migrácia 
610 2 0 |a demografia 
610 2 0 |a Česko 
610 2 0 |a cudzinci 
100 1 |a Bartoňová, Dagmar